| 000 -ლიდერი |
| ფიქსირებული სიგრძის საკონტროლო ველი |
01084nam a22002057a 4500 |
| 003 - საკონტროლო ნომრის იდენტიფიკატორი |
| საკონტროლო ველი |
Ge_BSU |
| 005 - ბოლო ოპერაციის თარიღი და დრო |
| საკონტროლო ველი |
20260316174434.0 |
| 008 - ფიქსირებული სიგრძის მონაცემთა ელემენტები - ზოგადი ინფორმაცია |
| ფიქსირებული სიგრძის საკონტროლო ველი |
260316s1970 ge ||||| |||| 00| 0 geo d |
| 041 ## - ენის კოდი |
| Language code of text/sound track or separate title |
geo |
| 080 ## - უნივერსალური ათობითი კლასიფიკაციის ინდექსი |
| Universal Decimal Classification number |
330.1(075.8) გ-74 |
| 100 ## - მთავარი ჩანაწერი - პიროვნების სახელი |
| Personal name |
გოშაძე, გივი |
| 9 (RLIN) |
864 |
| 245 ## - ცნობა სათაურის შესახებ |
| Title |
სოციალიზმის კომუნიზმში გადაზრდის ეკონომიური კანონზომიერებანი : |
| Remainder of title |
[დამხმ. სახელმძღვ. სტუდენტებისათვის] / |
| Statement of responsibility, etc |
გივი გოშაძე. |
| 264 ## - წარმოების, გამოცემის, დისტრიბუციის და სხვა ცნობები |
| გამოცემის, წარმოების, დისტრიბუციის... ადგილი |
თბილისი : |
| გამოცემის, წარმოების, დისტრიბუციის... სახელწოდება |
თბილ. უნ-ტის გამ-ბა, |
| გამოცემის, წარმოების, დისტრიბუციის... თარიღი |
1970. |
| 300 ## - ფიზიკური აღწერა |
| Extent |
134 გვ. ; |
| Other physical details |
21 სმ. |
| 504 ## - BIBLIOGRAPHY, ETC. NOTE |
| Bibliography, etc |
ბიბლიოგრ: გვ. 133-134. |
| 653 ## - INDEX TERM--UNCONTROLLED |
| Uncontrolled term |
ურბანული ეკონომიკა |
| 653 ## - INDEX TERM--UNCONTROLLED |
| Uncontrolled term |
სოციალისტური წარმოების წესი |
| 653 ## - INDEX TERM--UNCONTROLLED |
| Uncontrolled term |
კომუნისტური წარმოების წესი |
| 942 ## - ADDED ENTRY ELEMENTS (KOHA) |
| Source of classification or shelving scheme |
|
| Koha item type |
წიგნი |